| 000 | 00756nam a2200229Ia 4500 | ||
|---|---|---|---|
| 005 | 20250108124905.0 | ||
| 008 | 008 250107s9999 xx 000 0 hin d | ||
| 020 | _a978-1-68509-773-8 | ||
| 037 | _aTB | ||
| 040 |
_aCRL _bhin _cCRL |
||
| 041 |
_ahin _2hin |
||
| 084 | _aΔ2:3 152R1 | ||
| 084 | _qCRL | ||
| 100 | _aवाजपेयी, अशोक, संपा. | ||
| 245 | 0 |
_aसिनेमा और संसार _cवाजपेयी, अशोक, संपा. |
|
| 260 |
_aनई दिल्ली, भारत _bराजकमल प्रकाशन _c2568 |
||
| 300 | _a107पृ0 | ||
| 365 |
_aINR _b225 |
||
| 650 |
_aललित कला _9156314 |
||
| 942 |
_cTB _hΔ2:3 152R1 |
||
| 999 |
_c1234956 _d1234956 |
||